| 000 | 00364nam a2200145Ia 4500 | ||
|---|---|---|---|
| 008 | 230917s9999||||xx |||||||||||||| ||und|| | ||
| 040 |
_e157559 _aMAIN |
||
| 041 | _aEnglish | ||
| 082 | _a759.9543 K527S | ||
| 100 | _aKhare, M D | ||
| 245 | 0 | _aSplendour of Malwa paintings | |
| 260 |
_aNew Delhi _bCosmo Publications _c1983 |
||
| 300 | _axxxiv, 80 p. | ||
| 942 | _cBK | ||
| 999 |
_c45355 _d45355 |
||